00329nam a2200121Ia 4500008004100000041000800041082001500049100001800064245004400082260003900126300003100165365001100196240624s9999 xx 000 0 und d aeng a658.85 MAC aMACKAY HARVEY aMACKAY MBA OF SELLING IN THE REAL WORLD c2011aNew DelhibPortfolio/Penguin axxv, : 335 : p. : cm. ; 23 cRSb28